LEADER 01310nam a2200313 i 4500 001 000000160385 003 CaOOAMICUS 005 20070320000000.0 008 070320s1986 it u000 u ita u 013 $a137748 020 $a88-18-23012-3 040 $aSeMil$bita 100 1 $aGrimal, Pierre,$d<1912-1996>.$0(OLS)http://semarc/name/24438 240 10$aVirgile ou la seconde naissance de Rome.$0(OLS)http://semarc/title/143019 245 10$aVirgilio :$bla seconda nascita di Roma /$cPierre Grimal ; Traduzione dal francese di Anna Silva. 260 $aMilano :$bRusconi,$c1986. 300 $a273 p., [8] p. di tav. :$bill. ;$c22 cm. 490 0 $aLe vite 500 $aFondo Card. Giovanni Colombo. 600 04$aVirgilio Marone, Publio <70-19 a.C.>.$0(OLS)http://semarc/subject/3257 700 1 $aSilva, Anna.$0(OLS)http://semarc/name/41748 830 3$aLe vite.$0(OLS)http://semarc/title/7309 850 $aSeMil 852 $aSeMil$W1$xVenegono$y1$m1O II 141$j111860$B111860$CSeMilBibl$Z2$F121821 $81 941 1 $a3 961 $aLascito: Colombo Card. Giovanni 996 $6020$a88-18-23012-3$9(OLS)http://semarc/number/75148 996 $6245$aVirgilio :$bla seconda nascita di Roma$9(OLS)http://semarc/title/143018 996 $6260$aMilano :$bRusconi$9(OLS)http://semarc/publisher/30258 LEADER 01086nam a2200277 4500 001 000000354041 003 CaOOAMICUS 005 20230614124720.0 008 230605s1999 it 000 u ita r 020 $a88-467-0207-7 040 $aSeMil$bita 100 1 $aLuccio, Fabrizio.$0(OLS)http://semarc/name/38881 245 10$aAlgoritmi, divinità e gente comune /$cFabrizio Luccio, Linda Pagli. 264 1$aPisa :$bETS,$c1999. 300 $a144 p. ;$c22 cm 490 1 $aCollanaOro ;$v9 650 4$aAlgoritmi.$0(OLS)http://semarc/subject/53884 700 1 $aPagli, Linda.$0(OLS)http://semarc/name/117675 830 0$aCollanaOro ;$v9.$0(OLS)http://semarc/title/22512 850 $aSeMil 852 $aSeMil$W1$xVenegono$y1$m3X III 207$j242745$B245258$CSeMilBibl$Z2$F245258 $81 961 $aPolezzo Stefanin - Lascito 996 $6020$a88-467-0207-7$9(OLS)http://semarc/number/298264 996 $6245$aAlgoritmi, divinità e gente comune$9(OLS)http://semarc/title/444178 996 $6264$aPisa :$bETS$9(OLS)http://semarc/publisher/31866